Dissertatio Inauguralis Juridica, De Omisssione Nociva
| Subtitles: | De Omissione Nociva |
|---|---|
| Authors: | ; |
| Contributors: | ; |
| Format: | Print Book |
| Language: | Latin German |
| Subito Delivery Service: | Order now. |
| Check availability: | HBZ Gateway |
| WorldCat: | WorldCat |
| Interlibrary Loan: | Interlibrary Loan for the Fachinformationsdienste (Specialized Information Services in Germany) |
| Published: |
Rostochii
Adler
1727
|
| In: | Year: 1727 |
| Standardized Subjects / Keyword chains: | B
Verschulden
/ Obligationenrecht
/ Law of obligations
/ Roman law
/ Law
|
| Further subjects: | B
Dissertation
B Thesis |
| Sammlungen: |
MARC
| LEADER | 00000cam a2200000 c 4500 | ||
|---|---|---|---|
| 001 | 225719606 | ||
| 003 | DE-627 | ||
| 005 | 20250823170547.0 | ||
| 007 | tu | ||
| 008 | 970325s1727 xx ||||| m 00| ||lat c | ||
| 024 | 7 | |a VD18 1137487X-004 |2 vd18 | |
| 035 | |a (DE-627)225719606 | ||
| 035 | |a (DE-576)9225719604 | ||
| 035 | |a (DE-599)GBV225719606 | ||
| 035 | |a (OCoLC)258656465 | ||
| 040 | |a DE-627 |b ger |c DE-627 |e rakwb | ||
| 041 | |a lat |a ger | ||
| 044 | |c XA-DXDE | ||
| 084 | |a 2 |a 1 |2 ssgn | ||
| 084 | |a 86.11 |2 bkl | ||
| 084 | |a 86.20 |2 bkl | ||
| 100 | 1 | |e Präses |0 (DE-588)132637731 |0 (DE-627)524455201 |0 (DE-576)29927263X |4 aut |a Petersen, Johann Christian |d 1682-1766 | |
| 109 | |a Petersen, Johann Christian 1682-1766 |a Petersen, Johannes Christian der Ältere 1682-1766 |a Petersen, Johannes Christianus 1682-1766 |a Petersen, Ioannes Christianus 1682-1766 |a Petersen, Johannes Christian 1682-1766 |a Petersenius, Johannes Christianus 1682-1766 |a Petersen, Joh. Christ. 1682-1766 |a Petersen, Johann. Christianus 1682-1766 | ||
| 245 | 1 | 0 | |a Dissertatio Inauguralis Juridica, De Omisssione Nociva |c Quam ... Sub Præsidio ... Dn. Joh. Christiani Petersen ... Pro Licentia Summos in Jure Honores ac Privilegia rite & solenniter capessendi Anno MDCCXXVII die 26. Aug. Publico Eruditorum examini submittit Joh. Petr. Möller. Rostochiensis. |
| 246 | 3 | 0 | |a iuridica |
| 246 | 3 | 3 | |a De Omissione Nociva |
| 264 | 1 | |a Rostochii |b Adler |c 1727 | |
| 300 | |a [2] Bl., 30 S. |c 4° | ||
| 336 | |a Text |b txt |2 rdacontent | ||
| 337 | |a ohne Hilfsmittel zu benutzen |b n |2 rdamedia | ||
| 338 | |a Band |b nc |2 rdacarrier | ||
| 500 | |a Vorlageform der Veröffentlichungsangabe: Rostochii, typis Jo. Jacob. Adleri, Seren. Princ. & Acad. Typograph. | ||
| 502 | |a Rostock, Univ., Jur. Diss., 1727 | ||
| 655 | 7 | |a Hochschulschrift |0 (DE-588)4113937-9 |0 (DE-627)105825778 |0 (DE-576)209480580 |2 gnd-content | |
| 655 | 7 | |a Dissertation |0 (DE-627)096631147 |2 local | |
| 689 | 0 | 0 | |d s |0 (DE-588)4187977-6 |0 (DE-627)105268089 |0 (DE-576)210049596 |2 gnd |a Verschulden |
| 689 | 0 | 1 | |d s |0 (DE-588)4115429-0 |0 (DE-627)105814423 |0 (DE-576)20949316X |2 gnd |a Obligationenrecht |
| 689 | 0 | 2 | |d s |0 (DE-588)4053469-8 |0 (DE-627)106167014 |0 (DE-576)209103973 |2 gnd |a Schuldrecht |
| 689 | 0 | 3 | |d s |0 (DE-588)4050306-9 |0 (DE-627)104529458 |0 (DE-576)209086750 |2 gnd |a Römisches Recht |
| 689 | 0 | 4 | |d s |0 (DE-588)4048737-4 |0 (DE-627)106189719 |0 (DE-576)20907907X |2 gnd |a Recht |
| 689 | 0 | |5 (DE-627) | |
| 700 | 1 | |e Resp. |0 (DE-588)1019621931 |0 (DE-627)690971214 |0 (DE-576)358468655 |4 aut |a Möller, Johann Peter | |
| 700 | 1 | |e Widmungsempf. |0 (DE-588)1013523741 |0 (DE-627)664121004 |0 (DE-576)347255000 |4 oth |a Westphal, Georg |d 1665-1728 | |
| 700 | 1 | |0 (DE-588)1037497457 |0 (DE-627)756069912 |0 (DE-576)391568892 |4 prt |a Adler, Johann Jakob |d 16XX-1757 | |
| 751 | |a Rostock |4 uvp | ||
| 912 | |a vd18 | ||
| 935 | |a RFBW |a mteo | ||
| 936 | b | k | |a 86.11 |j Römisches Recht |q ARK |0 (DE-627)10641349X |
| 936 | b | k | |a 86.20 |j Schuldrecht |q ARK |0 (DE-627)106422545 |
| 951 | |a BO | ||
| ELC | |b 1 | ||
| LOK | |0 000 xxxxxcx a22 zn 4500 | ||
| LOK | |0 001 4536783016 | ||
| LOK | |0 003 DE-627 | ||
| LOK | |0 004 225719606 | ||
| LOK | |0 005 20240612112737 | ||
| LOK | |0 008 240612||||||||||||||||ger||||||| | ||
| LOK | |0 040 |a DE-Tue135 |c DE-627 |d DE-Tue135 | ||
| LOK | |0 092 |o n | ||
| LOK | |0 852 |a DE-Tue135 | ||
| LOK | |0 852 1 |9 00 | ||
| LOK | |0 866 |x SPQUE#Reformationsgeschichtliche Forschungsbibliothek Wittenberg#SPSAM#Lutherhaus#SPUSM#Melanchthonhaus | ||
| LOK | |0 935 |a RFBW |a lglu |a lgme | ||
| LOK | |0 939 |a 12-06-24 |b l01 | ||
| ORI | |a SA-MARC-ixtheoa001.raw | ||
| STA | 0 | 0 | |a Law of obligations,Obligations,Law,Law,Right,Law,Jurisprudence,Law in literature,Roman law |
| STB | 0 | 0 | |a Droit des obligations,Droit romain,Droit,Droit |
| STC | 0 | 0 | |a Derecho de las obligaciones,Derecho romano,Derecho,Derecho |
| STD | 0 | 0 | |a Diritto delle obbligazioni,Diritto romano,Diritto,Diritto |
| STE | 0 | 0 | |a 债权法,债务法,法律,法律,法制,法制,罗马法 |
| STF | 0 | 0 | |a 債權法,債務法,法律,法律,法制,法制,羅馬法 |
| STG | 0 | 0 | |a Direito das obrigações,Direito romano,Direito,Direito |
| STH | 0 | 0 | |a Обязательственное право,Право (мотив),Право,Римское право |
| STI | 0 | 0 | |a Δίκαιο (μοτίβο),Δίκαιο,Ενοχικό δίκαιο,Ρωμαϊκό Δίκαιο |
| SYG | 0 | 0 | |a Romanistik |